000 00351nam a2200109Ia 4500
008 171211s9999 xx 000 0 und d
245 _aCommunity Created Content. Law, Business and Policy
245 _cHerkko Hietanen, Mikko Valimaki, and Ville Oksanen
260 _c2007
650 _xBUSINESS
856 _uhttp://down.ebook777.com/063/9529983409.pdf
999 _c349462
_d349462